[Event "Druga liga CS - Istok 2018 grupa sever"]
[Site ""]
[Date "2018.09.09"]
[Round "4.15"]
[White "Mijajlovic, Jovan"]
[Black "Stefanovic, Vladimir"]
[Result "0-1"]
[WhiteElo "1959"]
[BlackElo "2239"]
[PlyCount "0"]
[WhiteTeam "RADNICKI - Cuprija"]
[BlackTeam "KABLOVI - Jagodina"]
[EventDate "2018.09.07"]

1.e4 c5 2.Nf3 g6 3.d4 Bg7 4.Bc4 cxd4 5.Nxd4 Nc6 6.Be3 Nf6 7.Nc3
Qa5 8.O-O O-O 9.Bb3 d6 10.h3 Bd7 11.f4 Rac8 12.Re1 Qh5 13.Qxh5
Nxh5 14.Rad1 Bxd4 15.Bxd4 Nxf4 16.Be3 Ne6 17.Bh6 Rfd8 18.Rf1
Na5 19.e5 Nxb3 20.exd6 Bc6 21.cxb3 Rxd6 22.Rxd6 exd6 23.b4 b6
24.b5 Bb7 25.a4 d5 26.Nd1 d4 27.Nf2 Rc2 0-1

[Event "Druga liga CS - Istok 2018 grupa sever"]
[Site ""]
[Date "2018.09.09"]
[Round "4.16"]
[White "Blagojevic, Vladan"]
[Black "Manic, Veljko"]
[Result "1/2-1/2"]
[WhiteElo "2107"]
[BlackElo "1902"]
[PlyCount "0"]
[WhiteTeam "KABLOVI - Jagodina"]
[BlackTeam "RADNICKI - Cuprija"]
[EventDate "2018.09.07"]

1.Nf3 Nf6 2.g3 g6 3.Bg2 c5 4.c4 Bg7 5.Nc3 O-O 6.O-O Nc6 7.d3
d6 8.a3 Rb8 9.Rb1 a6 10.b4 cxb4 11.axb4 b5 12.cxb5 axb5 13.d4
d5 14.Ne5 Qb6 15.e3 e6 16.Nd3 Ne8 17.Nc5 Nd6 18.Qb3 Nc4 19.Ra1
Rd8 1/2-1/2

[Event "Druga liga CS - Istok 2018 grupa sever"]
[Site ""]
[Date "2018.09.09"]
[Round "4.17"]
[White "Stanisavljevic, Vladan"]
[Black "Radisavljevic, Dalibor"]
[Result "0-1"]
[WhiteElo "1882"]
[BlackElo "1985"]
[PlyCount "0"]
[WhiteTeam "RADNICKI - Cuprija"]
[BlackTeam "KABLOVI - Jagodina"]
[EventDate "2018.09.07"]

1.e4 c5 2.Nf3 d6 3.Nc3 Nc6 4.d4 cxd4 5.Nxd4 g6 6.Be3 Nf6 7.Bc4
Ng4 8.Nxc6 bxc6 9.Bd2 Qb6 10.O-O Bg7 11.Bb3 O-O 12.h3 Nf6 13.Re1
Qc7 14.Qe2 Nd7 15.Be3 a5 16.Rab1 Ba6 17.Bc4 Bb7 18.Bb3 e6 19.a3
d5 20.Red1 Rfd8 21.exd5 cxd5 22.Na4 Qc6 23.f3 Rdc8 24.Qf2 Ba6
25.Nc3 Nc5 26.Ba2 Na4 27.Nxa4 Qxa4 28.Bb3 Qc6 29.Qh4 Bc4 30.Bxc4
Qxc4 31.Qxc4 Rxc4 32.c3 Rb8 33.Bd2 a4 34.Kf2 Rc5 35.Ke2 Rcb5
36.Rdc1 Rxb2 37.Rxb2 Rxb2 38.c4 Bh6 39.Rd1 dxc4 40.Ke1 Bxd2+
41.Rxd2 c3 42.Rd8+ Kg7 43.Rc8 Rb3 44.Kf2 Rxa3 45.Ke3 Ra2 46.Rxc3
Rxg2 47.Ra3 Rh2 0-1

[Event "Druga liga CS - Istok 2018 grupa sever"]
[Site ""]
[Date "2018.09.09"]
[Round "4.18"]
[White "Milosevic, Aleksandar J"]
[Black "Pantic, Dejan"]
[Result "1-0"]
[WhiteElo "2046"]
[BlackElo "1822"]
[PlyCount "0"]
[WhiteTeam "KABLOVI - Jagodina"]
[BlackTeam "RADNICKI - Cuprija"]
[EventDate "2018.09.07"]

1.e4 e5 2.Nf3 Nc6 3.Bb5 d6 4.c3 Bd7 5.O-O Nf6 6.Re1 a6 7.Ba4
b5 8.Bb3 Bg4 9.h3 Bh5 10.d3 Be7 11.Nbd2 O-O 12.Nf1 a5 13.Ng3
Bg6 14.Nh4 a4 15.Bc2 Nd7 16.Nhf5 Bf6 17.Be3 Re8 18.Rc1 Ra6 19.d4
Bg5 20.Qe2 Bxe3 21.Qxe3 Na5 22.b3 axb3 23.axb3 exd4 24.cxd4 c5
25.dxc5 dxc5 26.Ra1 Qc7 27.Qc3 b4 1-0

[Event "Druga liga CS - Istok 2018 grupa sever"]
[Site ""]
[Date "2018.09.09"]
[Round "4.22"]
[White "Jovanovic, Dusan D"]
[Black "Dinev, Dejan"]
[Result "1-0"]
[WhiteElo "2401"]
[BlackElo "2284"]
[PlyCount "0"]
[WhiteTeam "RUDAR - Kostolac"]
[BlackTeam "VGSK - Veliko Gradiste"]
[EventDate "2018.09.07"]

1.Nf3 d5 2.b3 Nf6 3.Bb2 e6 4.c4 Bd6 5.g3 O-O 6.Bg2 c5 7.e3 Nc6
8.O-O Rb8 9.Nc3 dxc4 10.bxc4 Na5 11.Qe2 a6 12.a4 Qc7 13.Nh4 Bd7
14.f4 Bc6 15.g4 Bxg2 16.Nxg2 Rfe8 17.g5 Nd7 18.Rf3 Nc6 19.Rh3
f5 20.gxf6 Nxf6 21.Kh1 Ne7 22.Rg1 e5 23.Nh4 exf4 24.Qg2 g6 25.Nd5
Nexd5 26.Nxg6 Kf7 27.Rxh7+ Nxh7 28.Qxd5+ Re6 29.Nxf4 Qc6 30.Rg7+
Ke8 31.Nxe6 Qxa4 32.Nc7+ 1-0

[Event "Druga liga CS - Istok 2018 grupa sever"]
[Site ""]
[Date "2018.09.09"]
[Round "4.23"]
[White "Djokic, Nebojsa"]
[Black "Djordjevic, Nebojsa"]
[Result "1/2-1/2"]
[WhiteElo "2228"]
[BlackElo "2284"]
[PlyCount "0"]
[WhiteTeam "VGSK - Veliko Gradiste"]
[BlackTeam "RUDAR - Kostolac"]
[EventDate "2018.09.07"]

1.e4 d6 2.d4 Nf6 3.Nc3 c6 4.f4 g6 5.Nf3 Bg7 6.Bd3 O-O 7.O-O Bg4
8.Be3 e5 9.Qe1 Bxf3 10.Rxf3 Ng4 11.dxe5 Nxe3 12.Qxe3 dxe5 13.f5
Qb6 14.Qxb6 axb6 15.Bc4 b5 16.Bb3 b6 17.fxg6 hxg6 18.Rd1 Ra7
19.Rd6 Kh7 20.a4 bxa4 21.Nxa4 Rb7 22.h4 Bh6 23.Kf2 Kg7 24.Ke2
Bf4 25.g3 Bh6 26.Rf1 Rd7 27.Rxd7 Nxd7 28.Rd1 Nf6 29.Kf3 b5 30.Nc5
g5 31.hxg5 Bxg5 32.Rd6 Rc8 33.Nd3 c5 34.Bd5 c4 35.Nxe5 Bc1 36.b3
cxb3 37.Bxb3 Re8 38.Nxf7 Rxe4 39.Rd3 Re7 40.Nd6 Re5 41.g4 Kg6
42.c4 bxc4 43.Nxc4 Re7 44.Rd1 Bg5 45.Bc2+ Kg7 46.Bf5 Rc7 47.Rd4
Rb7 48.Rd3 Rb4 49.Nd6 Rf4+ 50.Kg3 Rb4 51.Kh3 Bf4 52.Be6 Rb2 53.Nf5+
Kh7 54.Ng3 Rf2 55.Bf5+ Kh6 56.Rb3 1/2-1/2

[Event "Druga liga CS - Istok 2018 grupa sever"]
[Site ""]
[Date "2018.09.09"]
[Round "4.24"]
[White "Zafirovski, Mite"]
[Black "Djukic, Slobodan D"]
[Result "1/2-1/2"]
[WhiteElo "2245"]
[BlackElo "2159"]
[PlyCount "0"]
[WhiteTeam "RUDAR - Kostolac"]
[BlackTeam "VGSK - Veliko Gradiste"]
[EventDate "2018.09.07"]

1.d4 Nf6 2.c4 g6 3.g3 Bg7 4.Bg2 O-O 5.Nc3 d6 6.Nf3 Nc6 7.O-O
a6 8.b3 Rb8 9.Nd5 e6 10.Nxf6+ Qxf6 11.Bb2 Qe7 12.Rc1 Bd7 13.Qd2
e5 14.d5 Nd8 15.e4 b6 16.Ne1 f5 17.exf5 Bxf5 18.Nc2 a5 19.Rce1
Qd7 20.Ne3 Bh6 21.Qe2 Bh3 22.Nd1 Nf7 23.Nc3 Bxg2 24.Kxg2 Ng5
25.f3 Qh3+ 26.Kg1 Rf5 27.Bc1 Nf7 28.g4 Rf4 29.Bxf4 Bxf4 30.Ne4
Kg7 31.Qg2 Qh4 32.Re2 Rh8 33.Qf2 Qh3 34.Qg2 Qh4 35.Rff2 Ng5 36.Nxg5
Qxg5 37.Kh1 Qh4 38.Qf1 Rf8 39.Qg2 Rf7 40.Rf1 Rf8 41.Rg1 g5 42.Rf1
Qh6 43.Qf2 Qh3 44.Qg2 Qh4 45.a3 Ra8 46.Rff2 Bc1 47.Ra2 Be3 48.Rfe2
Bd4 49.Qg3 Qh6 50.Kg2 Qg6 51.Re4 Bc5 52.Ra1 Rf8 53.h4 Rf4 54.h5
Qf6 55.Ra2 h6 56.Ra1 Bd4 57.Ra2 Bc5 58.Ra1 Bd4 59.Rae1 Bb2 60.a4
Bd4 1/2-1/2

[Event "Druga liga CS - Istok 2018 grupa sever"]
[Site ""]
[Date "2018.09.09"]
[Round "4.25"]
[White "Madjar, Stanislav"]
[Black "Maksimovic, Boban"]
[Result "1/2-1/2"]
[WhiteElo "2192"]
[BlackElo "2213"]
[PlyCount "0"]
[WhiteTeam "VGSK - Veliko Gradiste"]
[BlackTeam "RUDAR - Kostolac"]
[EventDate "2018.09.07"]

1.c4 Nf6 2.Nf3 e6 3.g3 d5 4.Bg2 Be7 5.O-O O-O 6.d4 Nbd7 7.Nc3
c6 8.b3 Qa5 9.Bb2 dxc4 10.bxc4 Rd8 11.Qb3 e5 12.Nxe5 Nxe5 13.dxe5
Qxe5 14.Nd5 Qd6 15.Nxe7+ Qxe7 16.Rfe1 Ne8 17.Ba3 Qc7 18.Qb4 Nf6
19.e4 Be6 20.e5 Ng4 21.Qc3 Qb6 22.Re2 Qd4 23.Qe1 Qxc4 24.Rb1
Rd7 25.Bd6 Nh6 26.Rb4 Qa6 27.Reb2 Nf5 28.Bf1 b5 29.a4 Nxd6 30.exd6
Rxd6 31.axb5 cxb5 32.Rxb5 Rad8 33.Rb1 Qc8 34.h4 h6 35.Rb7 R6d7
36.R7b5 Qc2 37.R5b2 Qc5 38.Rb5 Qa3 39.Ra5 Qf3 40.Be2 Qe4 41.Bf1
Qd4 42.Rba1 Rc8 43.R5a3 Qc5 44.Ra5 Qd4 45.R5a4 Qc5 46.Ra5 Qd4
47.R5a4 1/2-1/2

[Event "Druga liga CS - Istok 2018 grupa sever"]
[Site ""]
[Date "2018.09.09"]
[Round "4.26"]
[White "Krstic, Milos"]
[Black "Mickovic, Slavisa"]
[Result "0-1"]
[WhiteElo "2171"]
[BlackElo "2072"]
[PlyCount "0"]
[WhiteTeam "RUDAR - Kostolac"]
[BlackTeam "VGSK - Veliko Gradiste"]
[EventDate "2018.09.07"]

1.e4 e5 2.Nf3 Nc6 3.Bb5 d6 4.d4 exd4 5.Nxd4 Bd7 6.Nc3 Nf6 7.O-O
Be7 8.Re1 O-O 9.f3 a6 10.Nxc6 bxc6 11.Bc4 c5 12.Qd3 a5 13.Bg5
Rb8 14.b3 Bc6 15.e5 dxe5 16.Rxe5 Qxd3 17.Bxd3 Bd6 18.Re2 Rfe8
19.Rae1 h6 20.Rxe8+ Rxe8 21.Rxe8+ Nxe8 22.Be3 Nf6 23.a4 Bd7 24.Bd2
c6 25.Ne4 Nxe4 26.Bxe4 Bc7 27.g4 Kf8 28.h4 Ke7 29.Kf2 f6 30.h5
Be8 31.Ke2 Kd8 32.Kd3 Bb6 33.Bf4 Bc7 34.Be3 Bd6 35.Bg6 Bd7 36.Bf5
Be8 37.Bd2 Bc7 38.Be4 Bb6 39.Bg6 Bd7 40.Bf5 Be8 41.Be4 Bd7 42.Bf4
Bc7 43.Bxc7+ Kxc7 44.Bf5 Be8 45.Be6 Kd6 46.Bf5 Bf7 47.c4 Be8
48.Ke4 Bf7 49.Bh7 Be6 50.Bg6 Bg8 51.Kf4 Be6 52.Be8 Bg8 53.Kf5
Ke7 54.Bg6 Kf8 55.Kf4 Ke7 56.Be4 Kd6 57.Bf5 Ke7 58.Bg6 Be6 59.Be4
Kd6 60.Bh7 Ke7 61.Ke4 Kd6 62.Bg6 Ke7 63.Kf4 Bg8 64.Kf5 Be6+ 65.Ke4
Kd6 66.Be8 Bg8 67.Kf5 Ke7 68.Kg6 Kxe8 69.Kxg7 Bd5 70.cxd5 cxd5
71.Kxh6 Kf7 72.Kh7 d4 73.f4 d3 74.g5 fxg5 75.fxg5 d2 76.g6+ Kf6
77.g7 d1Q 78.h6 Qd3+ 79.Kh8 Qg6 80.g8Q Qxh6+ 81.Qh7 Qxh7+ 82.Kxh7
Ke5 83.Kg6 Kd4 84.Kf5 Kc3 0-1

[Event "Druga liga CS - Istok 2018 grupa sever"]
[Site ""]
[Date "2018.09.09"]
[Round "4.27"]
[White "Kostic, Tomislav"]
[Black "Trifunovic, Miroljub"]
[Result "0-1"]
[WhiteElo "2045"]
[BlackElo "2168"]
[PlyCount "0"]
[WhiteTeam "VGSK - Veliko Gradiste"]
[BlackTeam "RUDAR - Kostolac"]
[EventDate "2018.09.07"]

1.e4 e5 2.Nf3 Nc6 3.Nc3 Nf6 4.d4 exd4 5.Nxd4 Bb4 6.Nxc6 bxc6
7.Bd3 d5 8.exd5 cxd5 9.O-O O-O 10.Bg5 Be6 11.Na4 Be7 12.Re1 Qd6
13.Qd2 Rfe8 14.Bf4 Qd7 15.b3 c5 16.c3 Qc6 17.Bc2 Rad8 18.b4 Ne4
19.Qd3 cxb4 20.f3 Nf6 21.Be5 Qc4 22.Qe3 bxc3 23.Bb3 Qc6 24.Bxc3
d4 25.Bxd4 Bxb3 26.axb3 Bb4 27.Be5 Bxe1 28.Rxe1 Nd7 29.Qf4 Nxe5
30.Rxe5 Rxe5 31.Qxe5 Qc1+ 32.Kf2 Qd2+ 33.Kf1 Qd3+ 34.Kf2 Qxb3
35.Nc5 Qc2+ 36.Kg3 h6 37.Ne4 Qc6 38.Qe7 Qg6+ 39.Kf2 Qb6+ 40.Kg3
f5 41.Nc5 Qd6+ 42.Qxd6 Rxd6 43.Kf4 Rd5 44.Na6 g5+ 45.Ke3 Kf7
46.g3 Rd6 47.Nc5 a5 48.h3 Rd5 49.Nd3 a4 50.f4 a3 51.Nb4 Rb5 52.Na2
Rb2 53.Nc1 a2 54.Nxa2 Rxa2 55.fxg5 hxg5 56.h4 gxh4 57.gxh4 Ra4 0-1

[Event "Druga liga CS - Istok 2018 grupa sever"]
[Site ""]
[Date "2018.09.09"]
[Round "4.28"]
[White "Tosic, Nebojsa"]
[Black "Kostic, Marko"]
[Result "1-0"]
[WhiteElo "2085"]
[BlackElo "1971"]
[PlyCount "0"]
[WhiteTeam "RUDAR - Kostolac"]
[BlackTeam "VGSK - Veliko Gradiste"]
[EventDate "2018.09.07"]

1.c4 c5 2.Nc3 Nc6 3.g3 g6 4.Bg2 Bg7 5.a3 Nf6 6.Nh3 O-O 7.Nf4
e6 8.b4 d6 9.Rb1 cxb4 10.axb4 Rb8 11.O-O Ne5 12.d3 b6 13.Qb3
Bb7 14.d4 Ned7 15.Nb5 Bxg2 16.Nxg2 a6 17.Nxd6 Qe7 18.Bf4 Nh5
19.Ne4 Nxf4 20.Nxf4 Bxd4 21.Rfd1 Bg7 22.Qa4 Ne5 23.Qxa6 Rfc8
24.c5 bxc5 25.bxc5 Qc7 26.Rxb8 Qxb8 27.h3 h6 28.Nd3 Nc6 29.Nd6
Rc7 30.Qb6 Qd8 31.Rb1 Bf8 32.Nb7 Qc8 33.Nd6 Qd8 34.Ne4 Nd4 35.Kf1
Nc6 36.Ra1 Be7 37.Ra4 Qc8 38.Ra6 Nb8 39.Ra8 Rb7 40.Nd6 Bxd6 41.Qxd6
Rb1+ 42.Ne1 Kh7 43.Ra7 Kg7 44.f3 Rc1 45.Qf4 Rxe1+ 46.Kxe1 Nd7
47.Qc7 Qxc7 48.Rxc7 Ne5 49.f4 Nc4 50.Rd7 Kf8 51.Ra7 Ke8 52.e4
e5 53.Ke2 exf4 54.gxf4 g5 55.Ra4 1-0

[Event "Druga liga CS - Istok 2018 grupa sever"]
[Site ""]
[Date "2018.09.09"]
[Round "4.31"]
[White "Garic, Radomir"]
[Black "Maksimovic, Bojan"]
[Result "1/2-1/2"]
[WhiteElo "2304"]
[BlackElo "2256"]
[PlyCount "0"]
[WhiteTeam "MAJDANPEK - Majdanpek"]
[BlackTeam "POZAREVACKI SK -Pozarevac"]
[EventDate "2018.09.07"]

1.e4 g6 2.d4 Bg7 3.Nc3 d6 4.Be3 a6 5.Nf3 b5 6.Bd3 Nd7 7.e5 Bb7
8.e6 fxe6 9.Ng5 Nf8 10.O-O Nf6 11.Re1 1/2-1/2

[Event "Druga liga CS - Istok 2018 grupa sever"]
[Site ""]
[Date "2018.09.09"]
[Round "4.32"]
[White "Rajkovic, Aleksandar"]
[Black "Organdziev, Oliver"]
[Result "0-1"]
[WhiteElo "2171"]
[BlackElo "2243"]
[PlyCount "0"]
[WhiteTeam "POZAREVACKI SK -Pozarevac"]
[BlackTeam "MAJDANPEK - Majdanpek"]
[EventDate "2018.09.07"]

1.Nf3 d5 2.c4 c6 3.cxd5 cxd5 4.d4 Nf6 5.Nc3 Nc6 6.e3 a6 7.a3
e6 8.Bd3 Be7 9.O-O O-O 10.b4 Bd7 11.Bb2 Rc8 12.Qe2 Re8 13.Ne5
Nxe5 14.dxe5 Ne4 15.Nxe4 dxe4 16.Bc4 Ba4 17.Bd4 Qc7 18.Ba2 Bb5
19.Qg4 Bxf1 20.Rxf1 Qc1 21.Bxe6 fxe6 22.Qxe6+ Kh8 23.Qf7 Qc4
24.Qf5 Qd5 0-1

[Event "Druga liga CS - Istok 2018 grupa sever"]
[Site ""]
[Date "2018.09.09"]
[Round "4.33"]
[White "Ugrenovic, Bozidar"]
[Black "Rajkovic, Ljubisa"]
[Result "1/2-1/2"]
[WhiteElo "2228"]
[BlackElo "2092"]
[PlyCount "0"]
[WhiteTeam "MAJDANPEK - Majdanpek"]
[BlackTeam "POZAREVACKI SK -Pozarevac"]
[EventDate "2018.09.07"]

1.Nf3 Nf6 2.c4 e6 3.g3 b6 4.Bg2 Bb7 5.O-O c5 6.Nc3 Be7 7.Re1
O-O 8.e4 d6 9.d4 cxd4 10.Nxd4 Qc8 11.Be3 Nbd7 12.f4 Rd8 13.Rc1
a6 14.Bf2 Ne8 15.Qg4 Nf8 16.Qe2 Qc7 17.f5 Bg5 18.Rc2 Rac8 19.b3
Bf6 20.fxe6 fxe6 21.Bh3 Qe7 22.Qg4 Rc5 23.Be3 Bc8 24.Qe2 Bd7
25.Nf3 Rc6 26.a4 Ng6 27.Qf2 Rb8 1/2-1/2

[Event "Druga liga CS - Istok 2018 grupa sever"]
[Site ""]
[Date "2018.09.09"]
[Round "4.34"]
[White "Zivanovic, Zoran M"]
[Black "Milunovic, Toni"]
[Result "1-0"]
[WhiteElo "2049"]
[BlackElo "2174"]
[PlyCount "0"]
[WhiteTeam "POZAREVACKI SK -Pozarevac"]
[BlackTeam "MAJDANPEK - Majdanpek"]
[EventDate "2018.09.07"]

1.e4 c5 2.Nf3 e6 3.d4 cxd4 4.Nxd4 a6 5.Bd3 Nc6 6.Nxc6 bxc6 7.O-O
Qc7 8.Bd2 Nf6 9.h3 d5 10.exd5 cxd5 11.Bc3 Bb7 12.Re1 Ne4 13.Bxe4
dxe4 14.Nd2 f5 15.Qh5+ g6 16.Qg5 Be7 17.Bf6 Rf8 18.Bxe7 Qxe7
19.Qe3 Rc8 20.c3 Kf7 21.Rad1 Rfd8 22.Nb3 e5 23.Qb6 Rd3 24.Na5
Bd5 25.Qxa6 Ra8 26.Qb5 Qc7 27.b4 Rb8 28.Qa4 Be6 29.Rxd3 exd3
30.Nc6 d2 31.Rd1 Rc8 32.b5 Bd5 33.Nb4 Be6 34.Nc6 Bd5 35.Rxd2
Bxc6 36.bxc6 Qxc6 37.Qb4 Rc7 38.Rd8 Qc5 39.Rd7+ Ke6 40.Rxc7 Qxc7
41.a4 e4 42.a5 Qf4 43.Qb6+ Kd5 44.a6 Qc1+ 45.Kh2 Qf4+ 46.g3 1-0

[Event "Druga liga CS - Istok 2018 grupa sever"]
[Site ""]
[Date "2018.09.09"]
[Round "4.35"]
[White "Simic, Petar S"]
[Black "Nikolic, Dejan"]
[Result "1-0"]
[WhiteElo "2031"]
[BlackElo "1861"]
[PlyCount "0"]
[WhiteTeam "MAJDANPEK - Majdanpek"]
[BlackTeam "POZAREVACKI SK -Pozarevac"]
[EventDate "2018.09.07"]

1.Nf3 Nf6 2.g3 d6 3.d4 g6 4.b3 Bg7 5.Bb2 O-O 6.Bg2 c6 7.O-O Na6
8.Re1 Bf5 9.c4 Qc8 10.Nc3 Rd8 11.e4 Bg4 12.Qc2 Bxf3 13.Bxf3 e5
14.Ne2 Re8 15.Bg2 Qc7 16.f4 exf4 17.gxf4 Rad8 18.e5 dxe5 19.fxe5
Nd7 20.Nf4 Nf8 21.Qe4 Qe7 22.Nd3 Ne6 23.d5 cxd5 24.cxd5 Nec5
25.Nxc5 Nxc5 26.Qf3 Qg5 27.e6 f6 28.Rad1 Rd6 29.Be5 Ra6 30.Bf4
Qf5 31.Bh3 Qc2 32.Rd2 1-0

[Event "Druga liga CS - Istok 2018 grupa sever"]
[Site ""]
[Date "2018.09.09"]
[Round "4.36"]
[White "Kandjolas, Konstantin"]
[Black "Delic, Brano"]
[Result "1/2-1/2"]
[WhiteElo "1915"]
[BlackElo "1830"]
[PlyCount "0"]
[WhiteTeam "POZAREVACKI SK -Pozarevac"]
[BlackTeam "MAJDANPEK - Majdanpek"]
[EventDate "2018.09.07"]

1.d4 d6 2.c4 Nf6 3.Nc3 Nbd7 4.e4 e5 5.d5 Be7 6.Be3 c6 7.f3 h6
8.Qd2 Qa5 9.a3 c5 10.Nb5 Qxd2+ 11.Bxd2 O-O 12.Ne2 a6 13.Nbc3
Nh7 14.Ng3 Bh4 15.Kd1 Bxg3 16.hxg3 Ndf6 17.Na4 Ng5 18.Nb6 Rb8
19.Bd3 Bd7 20.Nxd7 Nxd7 21.a4 f6 22.Ke2 b6 23.f4 Nf7 24.Kf2 g6
25.Ke2 Kg7 26.Kd1 h5 27.Kc2 a5 28.Be2 Rh8 29.Raf1 Ra8 30.f5 Ng5
31.Kd3 Rh7 32.fxg6 Kxg6 33.Rf2 Rf8 34.Rf5 Rhh8 35.Rhf1 Rhg8 36.Rh1
Rh8 37.Rhf1 1/2-1/2

[Event "Druga liga CS - Istok 2018 grupa sever"]
[Site ""]
[Date "2018.09.09"]
[Round "4.37"]
[White "Brankovan, Mario"]
[Black "Dubravcic, Nikola"]
[Result "1-0"]
[WhiteElo "1916"]
[BlackElo "1815"]
[PlyCount "0"]
[WhiteTeam "MAJDANPEK - Majdanpek"]
[BlackTeam "POZAREVACKI SK -Pozarevac"]
[EventDate "2018.09.07"]

1.d4 d5 2.Nf3 Nf6 3.c4 dxc4 4.Nc3 c5 5.d5 e6 6.e4 Be7 7.Bxc4
exd5 8.exd5 O-O 9.O-O a6 10.a4 b6 11.Qd3 Bb7 12.Rd1 Bd6 13.Bg5
Nbd7 14.Qf5 g6 15.Qh3 Qc7 16.Qh4 Nh5 17.Ne4 f6 18.Bh6 Rf7 19.Re1
Ne5 20.Nxe5 fxe5 21.Rad1 Bc8 22.Re3 Rb8 23.Rde1 b5 24.Nxd6 Qxd6
25.Rxe5 Bd7 26.axb5 axb5 27.Bb3 c4 28.Bd1 Ng7 29.Bf4 Qf8 30.Bh6
Qc5 31.Bxg7 Kxg7 32.Qg3 Rbf8 33.Bf3 Qd4 34.R5e2 Bf5 35.Qd6 Rd7
36.Qb4 Qb6 37.Re8 Rff7 38.h4 h5 39.Ra8 Bg4 40.Ree8 Qd4 41.Rg8+
Kh7 42.Rh8+ Kg7 43.Rag8+ Kf6 44.Rh6 Rg7 45.Qf8+ Rgf7 46.Rhxg6+
Kf5 47.Bxg4+ hxg4 48.Rg5+ Kf4 49.Qb8+ Rc7 50.R8g6 Qd1+ 51.Kh2
Ke4 52.Rxg4+ Kd3 53.d6 Rb7 54.Qa8 Qe2 55.Qa3+ Kc2 56.Qc3+ Kb1
57.f3 Qxb2 58.Qe1+ Ka2 59.Re6 c3 60.d7 Rfxd7 61.Ra6+ Kb3 62.Qe6+
Kc2 63.Ra2 b4 64.Qe4+ Kc1 65.Qe1+ Kc2 66.Rxb2+ Kxb2 67.Rc4 Rd2
68.Kh3 b3 69.Ra4 Kc2 70.Ra1 b2 71.Qe4+ Rd3 72.Rd1 Rbd7 1-0

[Event "Druga liga CS - Istok 2018 grupa sever"]
[Site ""]
[Date "2018.09.09"]
[Round "4.38"]
[White "Tosic, Jovan"]
[Black "Nikolic, Lazar"]
[Result "1-0"]
[WhiteElo "1493"]
[BlackElo "1569"]
[PlyCount "0"]
[WhiteTeam "POZAREVACKI SK -Pozarevac"]
[BlackTeam "MAJDANPEK - Majdanpek"]
[EventDate "2018.09.07"]

1.f4 d5 2.Nf3 Nc6 3.c3 Nf6 4.d3 Bg4 5.e3 e5 6.Be2 exf4 7.exf4
Bd6 8.O-O O-O 9.h3 Bd7 10.d4 Nh5 11.Ne5 Ng3 12.Rf3 Nxe2+ 13.Qxe2
Re8 14.Qf2 f6 15.Nxd7 Qxd7 16.Nd2 Re7 17.Nf1 Rae8 18.Re3 Qf5
19.Rxe7 Rxe7 20.Be3 Qd3 21.Re1 a5 22.Bc1 a4 23.Rxe7 Bxe7 24.Qe3
Qf5 25.Ng3 Qd7 26.f5 Bd6 27.Nh5 Qxf5 28.Qe8+ Bf8 29.g4 Qb1 30.Qe6+
Kh8 31.Qe3 Qg6 32.Nf4 Qf7 33.Qf3 Ne7 34.c4 c6 35.c5 Ng6 36.Ne2
Qe8 37.a3 Be7 38.Nc3 Bd8 39.Qe3 Qd7 40.Nxa4 Bc7 41.Nb6 Qd8 42.Qe6
h6 43.Na4 Nf4 44.Bxf4 Bxf4 45.Nc3 Qb8 46.Ne2 Bg5 47.Kg2 Bh4 48.b4
Qa8 49.Nf4 Bg5 50.Ng6+ Kh7 51.Qf5 Qxa3 52.Ne7+ Kh8 53.Qc8+ 1-0